|
|
|
|
| LEADER |
00000nam a22000005a 4500 |
| 001 |
vtls001516782 |
| 003 |
SK-MaSNL |
| 005 |
20260301164115.0 |
| 008 |
171201s2004 xo l g 000 0 slo |
| 015 |
|
|
|a SNBA2005/08-03073
|
| 020 |
|
|
|a 8080522162
|q (brož.)
|
| 040 |
|
|
|a SNK
|b slo
|c SNK
|e AACR2
|
| 041 |
0 |
|
|a slo
|h pol
|
| 044 |
|
|
|a xo
|c SK
|
| 072 |
|
7 |
|a 17
|x Etika. Morálna filozofia
|2 konspekt
|
| 080 |
|
|
|a 173.5-055.52
|2 MDT-MRF
|
| 080 |
|
|
|a 613.88
|2 MDT-MRF
|
| 080 |
|
|
|a (072)
|2 MDT-MRF
|
| 080 |
|
|
|a 173.1
|2 MDT-MRF
|
| 100 |
1 |
|
|a Papis, Wanda Elzbieta
|4 aut
|4 ill
|9 531038
|
| 245 |
1 |
0 |
|a Kompas života
|b život a láska : cvičenia pre mládež a rodičov : výchova pre život v rodine
|c Wanda Elzbieta Papis; [slovenský preklad: Mária Muchová ... [et al.]]
|
| 250 |
|
|
|a 1. vyd.
|
| 260 |
|
|
|a Bratislava
|b Metodicko-pedagogické centrum
|c 2004
|
| 300 |
|
|
|a 191 s.
|b ilustr., sch.
|c 23 cm
|
| 506 |
|
|
|a 1000 výtl.
|
| 650 |
0 |
7 |
|a výchova k manželstvu
|2 SNKPH
|9 1696
|
| 650 |
0 |
7 |
|a výchova k rodičovstvu
|2 SNKPH
|9 1693
|
| 650 |
0 |
7 |
|a sexuálna výchova
|2 SNKPH
|9 2589
|
| 655 |
|
7 |
|a metodické príručky
|2 SNKPH
|9 70250
|
| 700 |
1 |
|
|a Muchová, Mária
|4 trl
|9 353579
|
| 919 |
|
|
|a 80-8052-216-2
|
| 958 |
|
|
|a OND
|
| 968 |
|
|
|b POL
|d 1
|
| 999 |
|
|
|c 819369
|d 821299
|
| 952 |
|
|
|a SNK
|b SNK
|y VYP
|7 0
|p 17A0458560
|o snkSC 119134 D1
|i snk2005/3135
|8 0
|0 0
|1 0
|4 0
|d 2005-03-02
|l 0
|r 2026-02-24 03:02:06
|w 2026-02-24
|
| 952 |
|
|
|a SNK
|b SNK
|y PREZ
|7 0
|p 17A0458550
|o snkSC 119134
|i snk2005/3133
|8 0
|0 0
|1 0
|4 0
|d 2005-03-02
|l 0
|r 2025-05-28 00:00:00
|w 2026-02-24
|